00341nam a2200133Ia 4500008004100000041000800041082001600049100001900065245004400084250001400128260002300142300003300165365000900198240624s9999 xx 000 0 und d aeng a658.406 CAW aBURKE W WARNER aORGANIZATION CHANGE THEORY AND PRACTICE a(4th ed.) c2014aLondonbSage axviii, : 425 : p. : cm. ; 22 cb38